| Tag |
First Indicator |
Second Indicator |
Subfields |
| LEADER |
00000cam a2200000 a 4500 |
| 001 |
in00001406887 |
| 005 |
20151020073009.0 |
| 008 |
970722s1998 nyua b 001 0 eng |
| 010 |
|
|
|a 97013435
|
| 020 |
|
|
|a 0471585262 (alk. paper)
|
| 035 |
|
|
|a (OCoLC)37451757
|
| 035 |
|
|
|9 AHQ3851AM
|
| 040 |
|
|
|a DLC
|c DLC
|d TXA
|d UtOrBLW
|
| 049 |
|
|
|a TXAM
|
| 050 |
0 |
0 |
|a QD561
|b .B985 1998
|
| 082 |
0 |
0 |
|a 541.3/723
|2 21
|
| 100 |
1 |
|
|a Butler, James N.
|q (James Newton),
|d 1934-
|
| 245 |
1 |
0 |
|a Ionic equilibrium :
|b solubility and pH calculations /
|c James N. Butler ; with a chapter by David R. Cogley.
|
| 246 |
3 |
0 |
|a Solubility and pH calculations
|
| 264 |
|
1 |
|a New York :
|b Wiley,
|c [1998]
|
| 264 |
|
4 |
|c ©1998
|
| 300 |
|
|
|a xi, 559 pages :
|b illustrations ;
|c 24 cm.
|
| 336 |
|
|
|a text
|b txt
|2 rdacontent
|
| 337 |
|
|
|a unmediated
|b n
|2 rdamedia
|
| 338 |
|
|
|a volume
|b nc
|2 rdacarrier
|
| 500 |
|
|
|a "A Wiley-Interscience publication."
|
| 504 |
|
|
|a Includes bibliographical references and index.
|
| 650 |
|
0 |
|a Ionic equilibrium.
|
| 948 |
|
|
|a c:cer
|
| 999 |
|
|
|a MARS
|
| 999 |
f |
f |
|s 1a4f752a-5f1a-304a-ab3e-0e914677b9ef
|i 6d3d6b98-eb3b-329e-a1b7-3cc9eeace418
|t 0
|
| 952 |
f |
f |
|p normal
|a Texas A&M University
|b College Station
|c Sterling C. Evans Library
|s Evans stk
|d Evans: Library Stacks
|t 0
|e QD561 .B985 1998
|h Library of Congress classification
|i unmediated -- volume
|m A14822563186
|
| 998 |
f |
f |
|a QD561 .B985 1998
|t 0
|l Evans: Library Stacks
|